Fundamentals of physics (Record no. 5989)
[ view plain ]
| 000 -LEADER | |
|---|---|
| fixed length control field | 00512 a2200181 4500 |
| 020 ## - INTERNATIONAL STANDARD BOOK NUMBER | |
| International Standard Book Number | 0471465097 |
| 040 ## - CATALOGING SOURCE | |
| Original cataloging agency | DLC |
| Language of cataloging | DLC |
| 082 ## - DEWEY DECIMAL CLASSIFICATION NUMBER | |
| Classification number | 530 RES |
| 100 ## - MAIN ENTRY--PERSONAL NAME | |
| Personal name | Halliday, David. |
| 245 ## - TITLE STATEMENT | |
| Title | Fundamentals of physics |
| Statement of responsibility, etc. | David Halliday, Robert Resnick, Jearl Walker. |
| 250 ## - EDITION STATEMENT | |
| Edition statement | 7th ed. |
| 260 ## - PUBLICATION, DISTRIBUTION, ETC. | |
| Place of publication, distribution, etc. | New Jersey : |
| Name of publisher, distributor, etc. | Wiley, |
| Date of publication, distribution, etc. | c2005. |
| 300 ## - PHYSICAL DESCRIPTION | |
| Extent | xxii, 1056 p. : |
| Other physical details | ill. ; |
| Dimensions | 28 cm. |
| 500 ## - GENERAL NOTE | |
| General note | Includes indexes. |
| 650 ## - SUBJECT ADDED ENTRY--TOPICAL TERM | |
| Topical term or geographic name entry element | Physics. |
| 700 ## - ADDED ENTRY--PERSONAL NAME | |
| Personal name | 1. Resnick, Robert. 2. Walker, Jearl. |
| 942 ## - ADDED ENTRY ELEMENTS (KOHA) | |
| Koha item type | Book |
| Call number prefix | 530 RES |
| Source of classification or shelving scheme | |
| Withdrawn status | Lost status | Damaged status | Not for loan | Collection code | Permanent Location | Current Location | Shelving location | Date acquired | Source of acquisition | Cost, normal purchase price | Total Checkouts | Total Renewals | Full call number | Barcode | Checked out | Date last seen | Date last checked out | Price effective from | Koha item type | Source of classification or shelving scheme |
|---|---|---|---|---|---|---|---|---|---|---|---|---|---|---|---|---|---|---|---|---|
| Central Library (CL) | Central Library (CL) | General Stacks | 10/11/2005 | Allied Book Company | 2879.95 | 22 | 7 | 530 RES | SEECS006548 | 01/05/2026 | 09/07/2025 | 09/07/2025 | 01/05/2017 | Book | ||||||
| Central Library (CL) | Central Library (CL) | General Stacks | 01/29/2005 | Allied Book Company | 2840.67 | 10 | 11 | 530 RES | SEECS005260 | 06/03/2024 | 03/28/2024 | 03/28/2024 | 01/05/2017 | Book | ||||||
| School of Chemical & Materials Engineering (SCME) | School of Chemical & Materials Engineering (SCME) | 03/16/2026 | 530 H1571 F | SCME-E21 | 03/16/2026 | 03/16/2026 | Book |
